| 000 | 00920nam a2200289Ia 4500 | ||
|---|---|---|---|
| 003 | OSt | ||
| 005 | 20220928130403.0 | ||
| 006 | a|||||r|||| 00| 0 | ||
| 007 | ta | ||
| 008 | 220927b |||||||| |||| 00| 0 eng d | ||
| 020 | _c475 | ||
| 024 | _a125350 | ||
| 037 |
_b182, 17/12/2014, Classic Book Service _cTextual |
||
| 040 |
_aSDCL _cSDCL _beng |
||
| 041 |
_2eng _aeng |
||
| 082 | _aD6,8(2),9(G), Q3 | ||
| 100 |
_aRastogi S.C. _9450620 |
||
| 245 | 0 |
_aBioinformatics methods and applications _b Genomics, proteomics and drug discovery |
|
| 250 | _a4th ed. | ||
| 260 |
_aDelhi _bPHI learning P. Ltd. _c2013 |
||
| 300 |
_axx;628p. _ccm. |
||
| 650 | _aI I C | ||
| 700 |
_a Mendiratta Namita _9473784 |
||
| 700 |
_a Rastogi Parag _9473785 |
||
| 942 |
_hD6,8(2),9(G), Q3 _cTEXL _2CC |
||
| 999 |
_c786378 _d786378 |
||